000 00750nam a22002537a 4500
001 BR9510797
003 BR-BrBNA
005 20230928094835.0
007 ta
008 230509b bl.||||| |||| 00| 0 por d
040 _aBR-BrBNA
_bpor
_cBiblioteca Nacional de Agricultura
041 _a(Por)
072 _aA50; C30
090 _ A50 BR9510797
110 1 _aEmpresa Brasileira de Pesquisa Agropecuaria, Brasilia, DF (Brasil). Depto. de Metodos Quantitativos
_93848
245 1 _aManual de codigos da EMBRAPA
260 3 _aBrasilia, DF (Brasil):
_c1982.
300 _a41 p.
650 _aInstituicao de Pesquisa
650 _aPrograma de Pesquisa
650 _aSistema de Informacao
909 _a202309
_bLucia
_c55
_dLucia Elande
942 _cBK
999 _c52956
_d52956